000 00494nam a22002057a 4500
003 bpm
005 20260415095536.0
008 260415b |||||||| |||| 00| p spa d
020 _a9789873349201
024 _aS. C. C. / M. C. y E. M.:
040 _aAR-CtUCP
041 _aspa
080 _aCDU
100 _aSena Nilda Beatriz
245 _aNavegando en palabras
260 _aSan Luis del Palmar
_bMoglia
_c2014
650 _aLiteratura - Poesía
942 _cLIB
999 _c76642
_d76642